Ding Dong the Witch is Dead Lyrics - Statistics

General Stats
  • This quiz has been taken 13 times
  • The average score is 56 of 78
Answer Stats
Answer % Correct
Dead
100%
Dead
100%
Dead
100%
Dead
100%
Ding
100%
Ding
100%
Ding
100%
Dong
100%
Dong
100%
Dong
100%
Is
100%
Is
100%
Is
100%
Is
100%
O
100%
The
100%
The
100%
The
100%
The
100%
The
100%
The
100%
The
100%
The
100%
Wicked
100%
Wicked
100%
Wicked
100%
Wicked
100%
Witch
100%
Witch
100%
Witch
100%
Witch
100%
Witch
100%
Witch
100%
Old
90%
Which
90%
Get
70%
It
70%
It
70%
And
60%
And
60%
Bed
60%
Merry
60%
Of
60%
Out
60%
Out
60%
Up
60%
Up
60%
Up
60%
Go
50%
Gone
50%
Head
50%
High
50%
Ho
50%
Know
50%
Let
50%
Low
50%
She's
50%
Sing
50%
Sing
50%
Sing
50%
Sleepy
50%
Wake
50%
Wake
50%
Yo
50%
You
50%
Bells
40%
Eyes
40%
Ring
40%
Rub
40%
Them
40%
Your
40%
Below
30%
Below
30%
Below
30%
Goblins
30%
Open
30%
Where
30%
Lets
20%
No matching quizzes found
Score Distribution
Percent of People with Each Score
Percentile by Number Answered
Your Score History
You have not taken this quiz